00748nam a2200217 a 450000100100000000500170001000800410002702000150006804000250008308200130010810000440012124000270016524501030019226000390029530000210033450400740035565000250042965000280045470000310048299900170051300002430820200930022909.0110126s2001 sp r 000 f spa d a8466302778 aDO-SdBNPbspacBNPHU axxxbxxx1 aJenkins, Elizabeth,d1905 - 201094988010aInitiationlEspañol.10aIniciación :ben el corazón de los Andes /cElizaberth Jenkins ; traducción de Amelia Brito. aMadrid :bPunto de Lectura,c2001. a410 p. ;c18 cm. aIncluye referencias bibliográficas y notas al pie de las páginas. 4aNovela inglesa91071 4aLiteratura inglesa94981 aBrito, Amelia,etr.949881 c23801d23801